| 000 | 01766nam a2200445Ia 4500 | ||
|---|---|---|---|
| 001 | ebr10464789 | ||
| 003 | CaPaEBR | ||
| 006 | m u | ||
| 007 | cr cn||||||||| | ||
| 008 | 100719s2011 msua sb 001 0deng d | ||
| 010 | _z 2010029867 | ||
| 020 | _z1604739452 | ||
| 020 | _z1604739460 | ||
| 020 | _z1604739479 | ||
| 020 | _z9781604739459 | ||
| 020 | _z9781604739466 | ||
| 020 | _z9781604739473 | ||
| 040 |
_aCaPaEBR _cCaPaEBR |
||
| 035 | _a(OCoLC)713034495 | ||
| 050 | 1 | 4 |
_aF369 _b.M44 2011eb |
| 100 | 1 |
_aMcNulty, Ian, _d1973- |
|
| 245 | 1 | 0 |
_aLouisiana rambles _h[electronic resource] : _bexploring America's Cajun and Creole heartland / _cIan McNulty. |
| 260 |
_aJackson : _bUniversity Press of Mississippi, _cc2011. |
||
| 300 |
_axx, 297 p. : _bill. |
||
| 504 | _aIncludes bibliographical references and index. | ||
| 533 |
_aElectronic reproduction. _bPalo Alto, Calif. : _cebrary, _d2011. _nAvailable via World Wide Web. _nAccess may be limited to ebrary affiliated libraries. |
||
| 650 | 0 |
_aCajuns _xSocial life and customs. |
|
| 651 | 0 |
_aLouisiana _xDescription and travel. |
|
| 651 | 0 |
_aLouisiana _xSocial life and customs. |
|
| 651 | 0 |
_aLouisiana _vGuidebooks. |
|
| 651 | 0 |
_aGulf Coast (La.) _xDescription and travel. |
|
| 651 | 0 |
_aGulf Coast (La.) _xSocial life and customs. |
|
| 651 | 0 |
_aGulf Coast (La.) _vGuidebooks. |
|
| 651 | 0 |
_aMississippi River Delta (La.) _xDescription and travel. |
|
| 651 | 0 |
_aMississippi River Delta (La.) _xSocial life and customs. |
|
| 651 | 0 |
_aMississippi River Delta (La.) _vGuidebooks. |
|
| 655 | 7 |
_aElectronic books. _2local |
|
| 710 | 2 | _aebrary, Inc. | |
| 856 | 4 | 0 |
_uhttp://site.ebrary.com/lib/rucke/Doc?id=10464789 _zAn electronic book accessible through the World Wide Web; click to view |
| 999 |
_c231188 _d231188 |
||